000 01253nam a2200253Ia 4500
001 18019
003 GE_BSU
008 181216s||||||||xx |||||||||||||| ||und||
040 _cGE_BSU
080 _a81'1
245 _aთანამედროვე ზოგადი და მათემატიკური ენათმეცნიერების საკითხები
245 _bსტატიების კრებული
245 _cრედ. თ. შარაძენიძე
250 _aსაქ. სსრ მეცნ. აკად. ენთმეცნიერების ინსტიტუტი
260 _aთბილისი
260 _bმეცნიერება
260 _c1974
300 _a186 გვ.26სმ.
520 _aპარალ. ტექსტი და რეზ. რუს. ენ.
653 _aზოგადი ენათმეცნიერება
653 _aთანამედროვე ზოგადი და მათემატიკური ენათმეცნიერების საკითხები
653 _aმათემატიკური ენათმეცნიერება
942 _cBK
999 _c51062
_d51062